[Event "Vladivostok Russian Cup"]
[Site "Vladivostok"]
[Date "2012.09.25"]
[Round "9"]
[White "Zvjaginsev, Vadim"]
[Black "Semeniuk, Alexander A"]
[Result "1-0"]
[WhiteElo "2671"]
[BlackElo "2417"]
[PlyCount "69"]
[EventDate "2012.09.17"]
[EventType "swiss"]
[EventRounds "9"]
[EventCountry "RUS"]
[SourceTitle "CBM 150 Extra"]
[Source "ChessBase"]
[SourceDate "2012.10.19"]
[SourceVersion "1"]
[SourceVersionDate "2012.10.19"]
[SourceQuality "1"]

1. c4 Nf6 2. Nf3 g6 3. Nc3 d5 4. cxd5 Nxd5 5. e4 Nxc3 6. dxc3 Qxd1+ 7. Kxd1 Nd7 8. Bf4 c6 9. Kc2 Nc5 10. Nd2 Bg7 11. Be3 Nd7 12. a4 0-0 13. a5 Ne5 14. Bc5 f5 15. Bxe7 Re8 16. Bh4 fxe4 17. Nxe4 Bf5 18. f3 h6 19. Rd1 g5 20. Bg3 g4 21. Kc1 gxf3 22. gxf3 Nxf3 23. Nd6 Rf8 24. Bc4+ Kh8 25. Nxf5 Rxf5 26. Rhf1 Raf8 27. Bd6 Re8 28. Rd3 Nd4 29. Rxf5 Nxf5 30. Bc5 Be5 31. Bxa7 Bxh2 32. Rd7 Re1+ 33. Kd2 Re7 34. Bd4+ Kh7 35. Bd3 1-0

[Event "RUS-chT 08th final B"]
[Site "Tomsk"]
[Date "2001.05.20"]
[Round "2"]
[White "Ovetchkin, Roman"]
[Black "Semeniuk, Alexander A"]
[Result "1-0"]
[WhiteElo "2497"]
[BlackElo "2474"]
[PlyCount "61"]
[EventDate "2001.05.19"]
[EventType "team-tourn"]
[EventRounds "3"]
[EventCountry "RUS"]
[SourceTitle "EXT 2020"]
[Source "ChessBase"]
[SourceDate "2019.10.17"]
[SourceVersion "1"]
[SourceVersionDate "2019.10.17"]
[SourceQuality "1"]
[WhiteTeam "Nizhny Tagil Politekhnik"]
[BlackTeam "Khabarovsk Lokomotiv"]
[WhiteTeamCountry "RUS"]
[BlackTeamCountry "RUS"]

1. e4 c5 2. Nf3 e6 3. d4 cxd4 4. Nxd4 Nf6 5. Nc3 d6 6. g4 a6 7. Bg2 Nc6 8. h3 Be7 9. 0-0 Qc7 10. Be3 Na5 11. g5 Nd7 12. f4 b5 13. Qe1 Nc4 14. Bf2 Nxb2 15. Nf5 Bf8 16. Bd4 Bb7 17. Nd5 exd5 18. exd5+ Kd8 19. Bxb2 Qxc2 20. Qa5+ Qc7 21. Qd2 Nb6 22. Bd4 Rg8 23. Rac1 Nc4 24. Qd3 Rc8 25. Ne3 g6 26. Nxc4 bxc4 27. Qe3 Kd7 28. Rfe1 Qa5 29. Bb6 Qb5 30. Rb1 Qa4 31. h4 1-0

[Event "RUS-chT 06th"]
[Site "St Petersburg"]
[Date "1999.05.24"]
[Round "9"]
[White "Chernyshov, Konstantin"]
[Black "Semeniuk, Alexander A"]
[Result "1-0"]
[WhiteElo "2488"]
[BlackElo "2456"]
[PlyCount "51"]
[EventDate "1999.05.16"]
[EventType "team-tourn"]
[EventRounds "9"]
[EventCountry "RUS"]
[SourceTitle "EXT 2020"]
[Source "ChessBase"]
[SourceDate "2019.10.17"]
[SourceVersion "1"]
[SourceVersionDate "2019.10.17"]
[SourceQuality "1"]
[WhiteTeam "Voronezh OShK"]
[BlackTeam "Vladivostok Debiut-DVGU"]
[WhiteTeamCountry "RUS"]
[BlackTeamCountry "RUS"]

1. d4 Nf6 2. c4 c5 3. d5 e6 4. Nc3 exd5 5. cxd5 d6 6. e4 g6 7. f4 Bg7 8. Nf3 0-0 9. Be2 b5 10. e5 dxe5 11. fxe5 Ng4 12. Bg5 Qb6 13. 0-0 Nxe5 14. Nxe5 Bxe5 15. Be7 Nd7 16. d6 Bb7 17. Nd5 Bxd5 18. Qxd5 Bxb2 19. Rab1 Bd4+ 20. Kh1 a6 21. a4 b4 22. Rxf7 Rxf7 23. Bc4 Qa7 24. Qxf7+ Kh8 25. Re1 Bg7 26. Bd8 1-0

[Event "RUS-chT 06th"]
[Site "St Petersburg"]
[Date "1999.05.23"]
[Round "8"]
[White "Semeniuk, Alexander A"]
[Black "Zvjaginsev, Vadim"]
[Result "0-1"]
[WhiteElo "2456"]
[BlackElo "2658"]
[PlyCount "107"]
[EventDate "1999.05.16"]
[EventType "team-tourn"]
[EventRounds "9"]
[EventCountry "RUS"]
[SourceTitle "EXT 2020"]
[Source "ChessBase"]
[SourceDate "2019.10.17"]
[SourceVersion "1"]
[SourceVersionDate "2019.10.17"]
[SourceQuality "1"]
[WhiteTeam "Vladivostok Debiut-DVGU"]
[BlackTeam "Tomsk Siberia"]
[WhiteTeamCountry "RUS"]
[BlackTeamCountry "RUS"]

1. e4 c5 2. Nf3 e6 3. d4 cxd4 4. Nxd4 Nc6 5. Nc3 d6 6. f4 Nf6 7. Nf3 Qb6 8. Bd3 d5 9. Qe2 Be7 10. e5 Nd7 11. Bd2 Nc5 12. 0-0-0 Bd7 13. Be3 Nxd3+ 14. Qxd3 Qa5 15. Kb1 Rc8 16. Nd4 0-0 17. Nb3 Qd8 18. Qd2 a5 19. Qf2 a4 20. Bb6 Qe8 21. Nc5 a3 22. b3 Nb4 23. Rhe1 Bd8 24. Bxd8 Qxd8 25. Qd4 Nc6 26. Qd2 Nxe5 27. Nxe6 fxe6 28. Rxe5 Qc7 29. Ne2 Rxf4 30. Rxd5 Rf7 31. Rd3 Qe5 32. Nd4 Qxh2 33. Nf3 Qc7 34. Ng5 Re7 35. Rh3 Qe5 36. c3 h6 37. Nf3 Qxc3 38. Qxc3 Rxc3 39. Ne5 Rxh3 40. gxh3 Be8 41. Rd8 g5 42. Ra8 Kg7 43. Rxa3 Bg6+ 44. Kb2 Bf5 45. b4 h5 46. b5 Kf6 47. Re3 Bxh3 48. Rxh3 Kxe5 49. Rxh5 Kf4 50. a4 g4 51. Rh8 Rg7 52. Rf8+ Ke4 53. Rf6 e5 54. Rf1 0-1

[Event "Vladivostok op2"]
[Site "Vladivostok"]
[Date "1995.??.??"]
[Round "7"]
[White "Semeniuk, Alexander A"]
[Black "Guliev, Sarhan"]
[Result "1/2-1/2"]
[WhiteElo "2415"]
[BlackElo "2470"]
[PlyCount "59"]
[EventDate "1995.??.??"]
[EventType "swiss"]
[EventRounds "9"]
[EventCountry "RUS"]
[SourceTitle "CBM 049 Extra"]
[Source "ChessBase"]
[SourceDate "1996.01.01"]
[SourceVersion "1"]
[SourceVersionDate "1996.01.01"]
[SourceQuality "1"]

1. e4 c6 2. d4 d5 3. exd5 cxd5 4. Bd3 Nc6 5. c3 Nf6 6. Bf4 Bg4 7. Qb3 Qc8 8. Nd2 e6 9. Ngf3 Be7 10. 0-0 Bh5 11. Rfe1 0-0 12. h3 Bg6 13. Bf1 Ne4 14. Nxe4 Bxe4 15. Nd2 Bg6 16. a4 Qd7 17. Nf3 a6 18. Ne5 Nxe5 19. Bxe5 Bd6 20. Rad1 Bxe5 21. dxe5 Qc7 22. Rd4 Rac8 23. Rb4 Rb8 24. a5 Qxa5 25. Rxb7 Ra8 26. Rd1 h6 27. Rd4 Qa1 28. Rd1 Qa5 29. Rd4 Qa1 30. Rd1 1/2-1/2

[Event "Vladivostok"]
[Site "Vladivostok"]
[Date "1994.??.??"]
[Round "5"]
[White "Ivanov, Mikhail M"]
[Black "Semeniuk, Alexander A"]
[Result "0-1"]
[WhiteElo "2475"]
[BlackElo "2415"]
[PlyCount "54"]
[EventDate "1994.??.??"]
[EventType "swiss"]
[EventRounds "9"]
[EventCountry "RUS"]
[SourceTitle "CBM 043 Extra"]
[Source "ChessBase"]
[SourceDate "1995.01.01"]
[SourceVersion "1"]
[SourceVersionDate "1995.01.01"]
[SourceQuality "1"]

1. Nf3 Nf6 2. g3 b5 3. Bg2 Bb7 4. 0-0 e6 5. d3 c5 6. e4 Be7 7. e5 Nd5 8. c4 Nc7 9. Nc3 a6 10. Ne4 0-0 11. Be3 bxc4 12. Nxc5 Bd5 13. dxc4 Bxc4 14. Nb7 Qc8 15. Nd6 Bxd6 16. exd6 Bxf1 17. dxc7 Bxg2 18. cxb8Q Rxb8 19. Kxg2 Rxb2 20. Bd4 Rb5 21. a4 Rf5 22. h4 Qc6 23. Ra3 Rb8 24. Kh2 f6 25. Rc3 Qe4 26. Ba7 Rb7 27. Qd6 h5 0-1

[Event "Vladivostok"]
[Site "Vladivostok"]
[Date "1994.??.??"]
[Round "7"]
[White "Kiselev, Sergey"]
[Black "Semeniuk, Alexander A"]
[Result "1/2-1/2"]
[WhiteElo "2460"]
[BlackElo "2415"]
[PlyCount "29"]
[EventDate "1994.??.??"]
[EventType "swiss"]
[EventRounds "9"]
[EventCountry "RUS"]
[SourceTitle "CBM 043 Extra"]
[Source "ChessBase"]
[SourceDate "1995.01.01"]
[SourceVersion "1"]
[SourceVersionDate "1995.01.01"]
[SourceQuality "1"]

1. d4 Nf6 2. c4 g6 3. Nc3 d5 4. cxd5 Nxd5 5. e4 Nxc3 6. bxc3 Bg7 7. Bb5+ c6 8. Ba4 0-0 9. Ne2 b6 10. Be3 Ba6 11. Qd2 Qc8 12. 0-0 c5 13. Rfd1 Nc6 14. Nf4 Rd8 15. Bxc6 1/2-1/2

[Event "RUS-ch"]
[Site "Orel"]
[Date "1992.??.??"]
[Round "?"]
[White "Dmitriev, Igor"]
[Black "Semeniuk, Alexander A"]
[Result "0-1"]
[WhiteElo "2270"]
[BlackElo "2370"]
[PlyCount "116"]
[EventDate "1992.??.??"]
[EventType "swiss"]
[EventRounds "11"]
[EventCountry "RUS"]
[SourceTitle "EXT 1997"]
[Source "ChessBase"]
[SourceDate "1996.11.15"]
[SourceVersion "1"]
[SourceVersionDate "1996.11.15"]
[SourceQuality "1"]

1. e4 c5 2. Nf3 Nc6 3. Bb5 g6 4. Bxc6 dxc6 5. h3 Nf6 6. d3 Bg7 7. Nc3 Nd7 8. Be3 e5 9. Qd2 h6 10. Na4 Qe7 11. Qc3 b6 12. a3 Bb7 13. h4 f5 14. 0-0-0 f4 15. Bd2 b5 16. Qb3 Bc8 17. Nc3 Nb6 18. Ne2 a5 19. Qa2 Be6 20. Qa1 a4 21. Rdg1 0-0 22. Ne1 c4 23. f3 cxd3 24. Nxd3 c5 25. g3 fxg3 26. Rxg3 Kh7 27. Rhg1 Bf7 28. Nc3 b4 29. Na2 b3 30. Nc3 bxc2 31. Be3 Rfd8 32. Ne1 Nc4 33. Nxc2 Na5 34. Kb1 Nb3 35. Qa2 Nd2+ 36. Bxd2 Bxa2+ 37. Nxa2 Rxd2 38. Rxg6 Bf8 39. Nc3 Qf7 40. Rb6 Qxf3 41. Nd5 Rxc2 42. Nf6+ Qxf6 43. Rxf6 Re2 44. Rf7+ Kh8 45. Rg4 Rb8 46. Ka1 c4 47. h5 Rh2 48. Rc7 Rxh5 49. Rg2 Rh1+ 50. Ka2 Rd1 51. Rxc4 Rd4 52. Rc6 Rxe4 53. Re6 Kh7 54. Rf2 Rf4 55. Re2 Bg7 56. Re7 h5 57. Ra7 Kg6 58. Kb1 Bf6 0-1